What's new in surveying instruments? (Record no. 71929)
[ view plain ]
| 000 -LEADER | |
|---|---|
| fixed length control field | 01156cam a2200253 4500 |
| 001 - CONTROL NUMBER | |
| control field | ABS66348 |
| 008 - FIXED-LENGTH DATA ELEMENTS--GENERAL INFORMATION | |
| fixed length control field | 030117n2003 000 0 eng u |
| 035 ## - SYSTEM CONTROL NUMBER | |
| System control number | (Sirsi) u121046 |
| 100 ## - MAIN ENTRY--PERSONAL NAME | |
| Personal name | Bedford, M. |
| 245 ## - TITLE STATEMENT | |
| Title | What's new in surveying instruments? |
| 260 ## - PUBLICATION, DISTRIBUTION, ETC. | |
| Date of publication, distribution, etc. | 2003 |
| 490 ## - SERIES STATEMENT | |
| Series statement | GEO:connexion |
| Volume/sequential designation | 2(1) January 2003, 56-60(4) |
| 520 ## - SUMMARY, ETC. | |
| Summary, etc. | Provides an overview of the latest optical surveying instruments, and discusses evolutionary developments such as digital data collection, new battery technologies and integration with GPS instruments. Discusses leading products in four categories; total stations, optical and digital levels, laser distance measures, and 3D laser scanners. Lists product websites and includes a general website with links to companies offering surveying instruments and services: www.geoconnexion.com/company/links. |
| 590 ## - LOCAL NOTE (RLIN) | |
| Local note | ABS |
| 650 ## - SUBJECT ADDED ENTRY--TOPICAL TERM | |
| Topical term or geographic name entry element | LASER DISTANCE METERS |
| 650 ## - SUBJECT ADDED ENTRY--TOPICAL TERM | |
| Topical term or geographic name entry element | 3D LASER SCANNERS |
| 650 ## - SUBJECT ADDED ENTRY--TOPICAL TERM | |
| Topical term or geographic name entry element | TOTAL STATIONS |
| 650 ## - SUBJECT ADDED ENTRY--TOPICAL TERM | |
| Topical term or geographic name entry element | ELECTRONIC LEVELS |
| 650 ## - SUBJECT ADDED ENTRY--TOPICAL TERM | |
| Topical term or geographic name entry element | DIGITAL TECHNOLOGY |
| 650 ## - SUBJECT ADDED ENTRY--TOPICAL TERM | |
| Topical term or geographic name entry element | OPTICAL INSTRUMENTS |
| 650 ## - SUBJECT ADDED ENTRY--TOPICAL TERM | |
| Topical term or geographic name entry element | SURVEYING INSTRUMENTS |
| 690 ## - LOCAL SUBJECT ADDED ENTRY--TOPICAL TERM (OCLC, RLIN) | |
| Topical term or geographic name as entry element | Geomatics |
| 9 (RLIN) | 6242 |
| 942 ## - ADDED ENTRY ELEMENTS (KOHA) | |
| Suppress in OPAC | 0 |
| Withdrawn status | Lost status | Source of classification or shelving scheme | Damaged status | Not for loan | Home library | Current library | Shelving location | Date acquired | Total Checkouts | Full call number | Barcode | Date last seen | Copy number | Price effective from | Koha item type |
|---|---|---|---|---|---|---|---|---|---|---|---|---|---|---|---|
| Dewey Decimal Classification | London | London | Journal article | 17/01/2003 | ABS66348 | 121046-1001 | 06/08/2019 | 1 | 06/08/2019 | Journal article |